[Event "RSA-chT U20"]
[Site "Boksburg"]
[Date "2020.01.07"]
[Round "6.6"]
[White "Van der Lingen, Waldi"]
[Black "Myagkov, Rostyslav"]
[Result "1/2-1/2"]
[WhiteElo "1494"]
[BlackElo "1105"]
[PlyCount "90"]
[EventDate "2020.01.04"]
[EventType "team-tourn"]
[EventRounds "7"]
[EventCountry "RSA"]
[SourceTitle "CBM 194 Extra"]
[Source "ChessBase"]
[SourceDate "2020.03.31"]
[SourceVersion "1"]
[SourceVersionDate "2020.03.31"]
[SourceQuality "1"]
[WhiteTeam "Johannesburg Metro U20"]
[BlackTeam "Ekurhuleni U20"]
[WhiteTeamCountry "RSA"]
[BlackTeamCountry "RSA"]

1. d4 Nf6 2. Nf3 g6 3. Nc3 Bg7 4. e4 d6 5. Be3 0-0 6. Qd2 e5 7. 0-0-0 Nc6 8. d5 Ne7 9. h3 c6 10. dxc6 Ne8 11. cxb7 Bxb7 12. Bc4 a6 13. Bh6 Qc7 14. Bxg7 Kxg7 15. Bd5 Bxd5 16. Nxd5 Nxd5 17. Qxd5 Nf6 18. Qd3 Rfc8 19. Ne1 Rd8 20. f3 Qc6 21. Qe2 a5 22. Nd3 Rab8 23. Rd2 Ne8 24. Rhd1 Qc4 25. Kb1 a4 26. Nc1 Qc3 27. Nb3 Qb4 28. c3 Qb6 29. Nc1 Rdc8 30. Qd3 Rc6 31. Qc2 a3 32. b3 Nc7 33. c4 Na6 34. Qc3 Nc5 35. Ka1 Na4 36. Qc2 Nc5 37. Rd5 Qc7 38. Nd3 Ne6 39. Qc3 Nd4 40. Qa5 Nc2+ 41. Kb1 Ne3 42. Qxc7 Rxc7 43. Kc1 Nxd5 44. exd5 f5 45. Kd2 Kf6 1/2-1/2